000 00298nam a22001337a 4500
082 _a823
_bPRAN/B
100 _aPRAN
245 _aBILLO SHORT BREAK
246 _aBILLO SHORT BREAK
_bBILLO SHORT BREAK
260 _aNEWDELHI
_bDIAMOND TOONS
300 _a45
650 _aENGLISH COMICS
942 _cBK
999 _c8644
_d8644